[Event "Titled Tuesday intern op 25th Apr Late"]
[Site "Chess.com INT"]
[Date "2023.04.25"]
[Round "2"]
[White "Saveliev, Alexei"]
[Black "Mendes, Aaron Reeve"]
[Result "1-0"]
[WhiteElo "2385"]
[BlackElo "2043"]
[PlyCount "115"]
[EventDate "2023.04.25"]
[EventType "swiss (blitz)"]
[EventRounds "11"]
[EventCountry "USA"]
[SourceTitle "EXT 2024"]
[Source "ChessBase"]
[SourceDate "2023.10.10"]
[SourceVersion "1"]
[SourceVersionDate "2023.10.10"]
[SourceQuality "1"]

1. c4 e5 2. Nc3 Nf6 3. Nf3 e4 4. Ng5 Qe7 5. Qc2 d5 6. cxd5 Bf5 7. f3 Nbd7 8. Ngxe4 0-0-0 9. d4 Nb6 10. Bg5 Nbxd5 11. Nd6+ Qxd6 12. Qxf5+ Kb8 13. Nxd5 Qxd5 14. Qxd5 Rxd5 15. Bxf6 gxf6 16. e3 Bh6 17. Kf2 Re8 18. Re1 f5 19. Bc4 Rd7 20. g3 a6 21. Re2 b5 22. Bb3 c5 23. dxc5 Rd3 24. Rhe1 f6 25. e4 fxe4 26. Rxe4 Rd2+ 27. R1e2 Rxe4 28. fxe4 Rxe2+ 29. Kxe2 Bc1 30. Bg8 h6 31. b3 Kc7 32. Bd5 a5 33. Kf3 Ba3 34. c6 Kd6 35. Kf4 Bc1+ 36. Kf5 Bb2 37. Kg6 Be5 38. Kxh6 f5 39. Kg5 fxe4 40. Bxe4 Kc5 41. Kg4 Kb4 42. h4 Ka3 43. h5 Kxa2 44. h6 Kxb3 45. h7 a4 46. c7 Bxc7 47. h8Q a3 48. Qc8 a2 49. Bd5+ Kb2 50. Bxa2 Be5 51. Bd5 b4 52. Qc4 Bc3 53. Qb3+ Kc1 54. Kf3 Kd2 55. Be4 Ke1 56. Qb1+ Kd2 57. Qc2+ Ke1 58. Qe2# 1-0

[Event "St Petersburg-ch 96th"]
[Site "St Petersburg"]
[Date "2023.03.26"]
[Round "9"]
[White "Vlasenko, Miroslav"]
[Black "Saveliev, Alexei"]
[Result "1/2-1/2"]
[WhiteElo "2343"]
[BlackElo "2390"]
[PlyCount "264"]
[EventDate "2023.03.18"]
[EventType "swiss"]
[EventRounds "9"]
[EventCountry "RUS"]
[SourceTitle "CBM 213 Extra"]
[Source "ChessBase"]
[SourceDate "2023.05.31"]
[SourceVersion "1"]
[SourceVersionDate "2023.05.31"]
[SourceQuality "1"]

1. d4 d5 2. Bf4 c5 3. e3 Nc6 4. Nf3 Nf6 5. Nbd2 Bg4 6. c3 e6 7. Qa4 Nd7 8. Ne5 Ndxe5 9. Bxe5 cxd4 10. Bb5 Qd7 11. Bxc6 Qxc6 12. Qxd4 Bf5 13. Bxg7 Bc5 14. Qf6 Be7 15. Qd4 Rg8 16. Nb3 a5 17. Bf6 Rg4 18. Bxe7 Rxd4 19. Nxd4 Qc4 20. Nxf5 Qd3 21. Bc5 Qxf5 22. 0-0 Kd7 23. f3 Kc6 24. Ba3 Qd3 25. e4 d4 26. cxd4 Qxd4+ 27. Kh1 Rd8 28. h3 b5 29. Rfc1+ Kb7 30. Be7 Rd7 31. Bg5 Qxb2 32. Rab1 Qe2 33. Re1 Qc4 34. Rec1 Qa4 35. a3 Rd3 36. Be7 Rb3 37. Ra1 Qd4 38. Bc5 Qg7 39. Bd6 Qd4 40. e5 Rc3 41. Rd1 Qc4 42. Rab1 Rc2 43. Re1 Kc6 44. Rbd1 Qa2 45. Ra1 Qb2 46. Rab1 Qc3 47. Be7 Qd2 48. Rg1 Qf4 49. Rbe1 Kd7 50. Bf8 Rd2 51. Re4 Qg3 52. Bc5 Kc6 53. Be7 Qf2 54. Rh4 Rd7 55. Bg5 Qb2 56. Rxh7 Qxa3 57. Rh8 Kb7 58. h4 Qc5 59. Bf6 b4 60. h5 b3 61. h6 b2 62. h7 Qxg1+ 63. Kxg1 b1Q+ 64. Kh2 a4 65. Rb8+ Kxb8 66. h8Q+ Kb7 67. Qe8 Qb5 68. Qf8 Rc7 69. Kh3 Qc5 70. Qe8 a3 71. Qa4 Rc6 72. Bd8 Qxe5 73. Qxa3 f5 74. Qe7+ Kc8 75. Qe8 Qd5 76. Bg5+ Kb7 77. Bf4 Rc8 78. Qe7+ Kc6 79. Qf6 Re8 80. Be3 Kd7 81. Bg5 Kc6 82. Qa1 Rb8 83. Bf4 Rb7 84. Qa4+ Qb5 85. Qa8 Kd5 86. Qh8 Kc6 87. Kg3 Rd7 88. Qc8+ Kd5 89. Qc3 Qc4 90. Qa5+ Qc5 91. Qa1 Kc6 92. Qa8+ Kb5 93. Qb8+ Kc4 94. Qb2 Qd5 95. Qe2+ Kb3 96. Be5 Rb7 97. Qe3+ Ka4 98. Qe2 Kb4 99. Qe1+ Kb5 100. Qa1 Kc6 101. Qa4+ Qb5 102. Qa1 Kd7 103. Bf4 Qb2 104. Qa8 e5 105. Bg5 Qb6 106. Kh4 e4 107. Qf8 Qe6 108. Qg7+ Kc6 109. Qc3+ Kb5 110. Qb2+ Ka6 111. Qa3+ Kb5 112. Qb2+ Kc6 113. Qc3+ Kd6 114. Qd4+ Qd5 115. Qf6+ Kd7 116. Qg7+ Kc6 117. Qf6+ Kb5 118. Qb2+ Ka6 119. Qa3+ Qa5 120. Qd6+ Rb6 121. Qd1 Rc6 122. Kh5 Qb5 123. Qa1+ Kb7 124. Qd4 Rc7 125. Bf4 Rd7 126. Qc3 Rh7+ 127. Kg5 Rd7 128. Qh8 Qd5 129. Qb2+ Kc6 130. Qc3+ Kb5 131. Qb2+ Kc6 132. Qc3+ Kb5 1/2-1/2

[Event "St Petersburg-ch 96th"]
[Site "St Petersburg"]
[Date "2023.03.24"]
[Round "7"]
[White "Bazeev, German"]
[Black "Saveliev, Alexei"]
[Result "1/2-1/2"]
[WhiteElo "2380"]
[BlackElo "2390"]
[PlyCount "103"]
[EventDate "2023.03.18"]
[EventType "swiss"]
[EventRounds "9"]
[EventCountry "RUS"]
[SourceTitle "CBM 213 Extra"]
[Source "ChessBase"]
[SourceDate "2023.05.31"]
[SourceVersion "1"]
[SourceVersionDate "2023.05.31"]
[SourceQuality "1"]

1. c4 c5 2. Nc3 Nc6 3. g3 g6 4. Bg2 Bg7 5. d3 d6 6. Bd2 Rb8 7. h4 Nf6 8. Nh3 a6 9. Nf4 Bg4 10. Bxc6+ bxc6 11. f3 Bd7 12. Qc2 Bh6 13. e4 e5 14. Nfe2 Bxd2+ 15. Qxd2 Nh5 16. b3 Ng7 17. Qh6 Ne6 18. f4 Qf6 19. Rf1 exf4 20. gxf4 Qg7 21. Qxg7 Nxg7 22. e5 dxe5 23. fxe5 Bf5 24. Na4 Bxd3 25. Nxc5 Bxe2 26. Kxe2 Nf5 27. Nxa6 Rb6 28. Nc5 Ng3+ 29. Kd3 Nxf1 30. Rxf1 h5 31. Ne4 0-0 32. Kc3 Kg7 33. Nc5 Re8 34. b4 Rbb8 35. Re1 g5 36. a4 gxh4 37. Nd3 Kh6 38. b5 Rg8 39. e6 fxe6 40. Kb4 cxb5 41. axb5 Rg3 42. Ne5 Rg2 43. Rh1 Re2 44. Nc6 Rb7 45. Nd4 Rb2+ 46. Kc3 Rf2 47. Nc6 Kg5 48. Na5 Rb8 49. Nc6 Rb7 50. Na5 Rb8 51. Nc6 Rb7 52. Na5 1/2-1/2